50 States, 50 Cities - Hard Version - Statistics

General Stats
  • This quiz has been taken 44,394 times
    23,185 since last reset
  • The average score is 25 of 50
Answer Stats
City State % Correct
AL Mobile Alabama
84%
MI Ann Arbor Michigan
84%
TX Waco Texas
84%
OH Toledo Ohio
80%
FL Boca Raton Florida
75%
VA Roanoke Virginia
73%
CA Chula Vista California
69%
PA Allentown Pennsylvania
69%
HI Hilo Hawaii
66%
MT Bozeman Montana
64%
MS Biloxi Mississippi
63%
GA Peachtree City Georgia
61%
MD Bethesda Maryland
61%
AZ Sedona Arizona
60%
NM Alamagordo New Mexico
56%
NY Schenectady New York
55%
UT Moab Utah
55%
TN Gatlinburg Tennessee
54%
WA Walla Walla Washington
54%
ME Bar Harbor Maine
53%
KS Dodge City Kansas
52%
OR Beaverton Oregon
52%
IA Dubuque Iowa
51%
IL Naperville Illinois
48%
AR Bentonville Arkansas
47%
WV Morgantown West Virginia
46%
WI Sheboygan Wisconsin
45%
NJ Asbury Park New Jersey
44%
CO Golden Colorado
43%
ID Pocatello Idaho
40%
IN French Lick Indiana
40%
AK Wasilla Alaska
39%
RI Narragansett Rhode Island
39%
SD Sturgis South Dakota
39%
MN International Falls Minnesota
38%
ND Minot North Dakota
38%
SC Spartanburg South Carolina
38%
MA Braintree Massachusetts
37%
NV Elko Nevada
37%
NC Kill Devil Hills North Carolina
37%
OK Muskogee Oklahoma
36%
KY Paducah Kentucky
34%
NE North Platte Nebraska
34%
CT New Canaan Connecticut
33%
MO Hannibal Missouri
32%
WY Gillette Wyoming
32%
VT Brattleboro Vermont
31%
NH Keene New Hampshire
28%
DE Lewes Delaware
27%
LA Slidell Louisiana
27%
No matching quizzes found
Score Distribution
Percent of People with Each Score
Percentile by Number Answered
Your Score History
You have not taken this quiz since the last reset